| 000 | 00505nam a2200169 i 4500 | ||
|---|---|---|---|
| 001 | 39220 | ||
| 003 | ES-MaACL | ||
| 005 | 20231207062958.0 | ||
| 007 | t| | ||
| 008 | 030227s1968 sp ||||1| spa d | ||
| 100 | 1 |
_aCalvo Serer, Rafael, _d1916-1988 _933911 |
|
| 245 | 1 | 0 |
_aEspaƱa ante la libertad, la democracia y el progreso / _cRafael Calvo Serer. |
| 260 |
_aMadrid : _bGuadiana, _c[1968] |
||
| 300 |
_a338 p. ; _c21 cm. |
||
| 852 |
_aES-MaACL _jC-49966 _bR.66146 |
||
| 999 |
_c39220 _d39220 |
||